00789nas a2200229Ia 4500001001400000003001000014008004100024040002500065041001300090100001800103210001400121222001400135245003300149250001100182260000900193501012300202300001600325362001700341500014500358650004500503700001100548dp5/12-30190 IT-MiCISF161014c99999999xx |||||||||||| ||und|| aIT-MiCISFcIT-MiCISF aITALIANO aSartor Paolo  aAmbrosius aAmbrosius 0aLa visita alle famiglie oggi a1a ed. c1999 bCISF - Centro Internazionale Studi Famiglia - Via Giotto, 36 20145 MILANO (non commercial uses only)cCopyright 2016 app. 506-579 a n. 6 [1999] aBarbieri G., Asiani A., Orioli E., Poggi M., Della Torre V., Brambilla E. Tema: pastorale-familiare, spiritualità-familiare, chiesa-locale aPASTORALE - pastorale familiarevdossier aAA.VV.